000 003570000a22001090004500
090 _aAS
_bSeriadas
245 1 0 _aEstructura de la comunidad Aviaria en un guadual (<Bambusa guadua>) en el municipio de Jamundí, Valle, Colombia
041 0 _aEspañol
100 1 _aOrejuela, Jorge
_982025
942 _cARTICULO
773 1 _tCespedesia
_3124
_h29-30
_q43-58
_d1979
_g8
999 _c15053
_d15053